Nederlandse WK Voetbal Selecties 1934-2022 - Statistieken

Algemene statistieken
  • Deze quiz is 618 keer genomen
  • De gemiddelde score is 77 van 249
Antwoordstatistieken
# Hint Antwoord % Correct
21 FdJ Frenkie de Jong
93%
4 VvD Virgil van Dijk
93%
9 LdJ Luuk de Jong
92%
6 NdJ Nigel de Jong
91%
8 NdJ Nigel de Jong
91%
7 TdJ Theo de Jong
89%
17 RvP Robin van Persie
88%
9 RvP Robin van Persie
88%
9 RvP Robin van Persie
88%
3 MdL Matthijs de Ligt
85%
10 MD Memphis Depay
84%
21 MD Memphis Depay
84%
11 AR Arjen Robben
83%
11 AR Arjen Robben
83%
11 AR Arjen Robben
83%
4 FdB Frank de Boer
83%
2 FdB Frank de Boer
83%
4 PdB Piet de Boer
83%
7 RdB Ronald de Boer
83%
9 RdB Ronald de Boer
83%
25 XS Xavi Simons
81%
23 AN Andries Noppert
80%
20 WS Wesley Sneijder
79%
10 WS Wesley Sneijder
79%
10 WS Wesley Sneijder
79%
6 SdV Stefan de Vrij
78%
3 SdV Stefan de Vrij
78%
19 WW Wout Weghorst
76%
1 JC Jasper Cillessen
74%
17 DB Daley Blind
73%
5 DB Daley Blind
73%
21 DB Danny Blind
72%
15 DB Danny Blind
72%
8 CG Cody Gakpo
69%
5 NA Nathan Aké
69%
22 DD Denzel Dumfries
68%
15 MdR Marten de Roon
68%
1 EvdS Edwin van der Sar
67%
1 EvdS Edwin van der Sar
67%
13 EvdS Edwin van der Sar
67%
11 SB Steven Berghuis
65%
7 SB Steven Bergwijn
65%
23 MS Maarten Stekelenburg
64%
1 MS Maarten Stekelenburg
64%
2 JT Jurriën Timber
63%
10 RG Ruud Gullit
63%
9 MvB Marco van Basten
61%
5 GvB Giovanni van Bronckhorst
60%
19 GvB Giovanni van Bronckhorst
60%
5 GvB Giovanni van Bronckhorst
60%
1 RP Remko Pasveer
58%
20 TK Teun Koopmeiners
58%
10 RvdV Rafael van der Vaart
57%
23 RvdV Rafael van der Vaart
57%
23 TK Tim Krul
57%
7 DK Dirk Kuyt
56%
15 DK Dirk Kuyt
56%
7 DK Dirk Kuyt
56%
13 JB Justin Bijlow
56%
18 VJ Vincent Janssen
56%
7 EK Erwin Koeman
54%
26 JF Jeremie Frimpong
54%
4 RK Ronald Koeman
54%
4 RK Ronald Koeman
54%
20 GW Georginio Wijnaldum
53%
14 JC Johan Cruyff
53%
12 NL Noa Lang
52%
19 KJH Klaas-Jan Huntelaar
51%
21 KLH Klaas-Jan Huntelaar
51%
2 GvdW Gregory van der Wiel
47%
4 BMI Bruno Martins Indi
46%
8 DB Dennis Bergkamp
46%
10 DB Dennis Bergkamp
46%
18 MvB Mark van Bommel
46%
6 MvB Mark van Bommel
46%
14 DK Davy Klaassen
45%
3 FR Frank Rijkaard
45%
3 FR Frank Rijkaard
45%
14 JH John Heitinga
42%
3 JH John Heitinga
42%
2 RV Ron Vlaar
42%
9 RvN Ruud van Nistelrooy
42%
9 PK Patrick Kluivert
41%
4 JM Joris Mathijsen
39%
4 JM Joris Mathijsen
39%
24 KT Kenneth Taylor
39%
10 CS Clarence Seedorf
38%
3 JS Jaap Stam
38%
7 DJ Daryl Janmaat
36%
6 WJ Wim Jansen
36%
6 WJ Wim Jansen
36%
22 MV Michel Vorm
35%
16 MV Michel Vorm
35%
16 TM Tyrell Malacia
35%
14 DdZ Demy de Zeeuw
34%
19 JvL John van Loen
32%
16 ED Edgar Davids
31%
17 EE Eljero Elia
31%
1 HvB Hans van Breukelen
31%
18 LF Leroy Fer
30%
18 AvM Adri van Male
29%
16 AvM Adri van Male
29%
8 JdG Jonathan de Guzmán
28%
16 JC Jordy Clasie
28%
17 JL Jeremain Lens
27%
14 MO Marc Overmars
27%
7 MO Marc Overmars
27%
13 AO André Ooijer
26%
13 AO André Ooijer
26%
13 AO André Ooijer
26%
13 JN Johan Neeskens
26%
13 JN Johan Neeskens
26%
8 PC Phillip Cocu
26%
11 PC Phillip Cocu
26%
3 WvH Willem van Hanegem
25%
20 IA Ibrahim Afellay
24%
3 KB Khalid Boulahrouz
24%
12 KB Khalid Boulahrouz
24%
17 PvH Pierre van Hooijdonk
22%
18 EdG Ed de Goey
21%
1 EdG Ed de Goey
21%
19 JVoH Jan Vennegoor of Hesselink
20%
13 JV Joël Veltman
20%
12 PV Paul Verhaegh
20%
21 RB Ryan Babel
19%
18 RB Ryan Babel
19%
9 AH Arie Haan
18%
2 AH Arie Haan
18%
15 EB Edson Braafheid
18%
2 MR Michael Reiziger
18%
18 SS Stijn Schaars
18%
14 TK Terrence Kongolo
18%
6 WJ Wim Jonk
18%
8 WJ Wim Jonk
18%
10 RvdK René van de Kerkhof
17%
10 RvdK René van de Kerkhof
17%
11 WvdK Willy van de Kerkhof
17%
11 WvdK Willy van de Kerkhof
17%
12 WK Wim Kieft
17%
6 AdW Arie de Winter
16%
20 AW Aron Winter
16%
20 AW Aron Winter
16%
20 AW Aron Winter
16%
5 RK Ruud Krol
16%
12 RK Ruud Krol
16%
15 TdC Tim de Cler
16%
5 AN Arthur Numan
15%
16 AN Arthur Numan
15%
12 BZ Boudewijn Zenden
15%
6 JW Jan Wouters
15%
6 JW Jan Wouters
15%
5 AvT Adri van Tiggelen
14%
14 JvtS John van 't Schip
14%
2 BvA Berry van Aerle
13%
15 WB Winston Bogarde
13%
22 HT Henk Timmer
12%
8 JJ Jan Jongbloed
12%
8 JJ Jan Jongbloed
12%
21 JFH Jimmy Floyd Hasselbaink
12%
9 PK Piet Keizer
12%
22 SB Sander Boschker
12%
16 JR Johnny Rep
11%
16 JR Johnny Rep
11%
1 PS Piet Schrijvers
11%
18 PS Piet Schrijvers
11%
12 RR Rob Rensenbrink
11%
15 RR Rob Rensenbrink
11%
15 BR Bryan Roy
10%
11 BR Bryan Roy
10%
6 DL Denny Landzaat
10%
12 JB John Bosman
10%
21 JdW John de Wolf
10%
2 KJ Kew Jaliens
10%
11 RW Richard Witschge
10%
5 RW Rob Witschge
10%
22 RH Ruud Hesp
10%
14 UvG Ulrich van Gobbel
10%
20 WS Wim Suurbier
10%
20 WS Wim Suurbier
10%
8 GV Gerald Vanenburg
9%
16 HM Hedwiges Maduro
9%
22 SM Stanley Menzo
9%
17 GT Gaston Taument
8%
12 JK Jan Kromkamp
8%
15 KS Kick Smit
8%
12 KS Kick Smit
8%
19 PvV Peter van Vossen
8%
22 HV Harry Vos
7%
14 JB Johan Boskamp
7%
1 RG Ruud Geels
7%
16 JH Joop Hiele
6%
5 RI Rinus Israël
6%
18 SV Stan Valckx
6%
22 EB Ernie Brandts
5%
18 HF Henk Fraser
5%
2 JP Jan Poortvliet
5%
22 TS Theo Snelders
5%
18 DN Dick Nanninga
4%
13 GR Graeme Rutjes
4%
17 HG Hans Gillhaus
4%
17 WR Wim Rijsbergen
4%
17 WR Wim Rijsbergen
4%
16 FvdV Frans van der Veen
3%
15 HH Hugo Hovenkamp
3%
7 JM Jaap Mol
3%
20 LV Leen Vente
3%
19 LV Leen Vente
3%
9 NM Niek Michel
3%
7 PW Piet Wildschut
3%
17 PvH Puck van Heel
3%
15 PvH Puck van Heel
3%
4 AvK Adrie van Kraay
2%
11 BP Bas Paauwe
2%
9 BP Bas Paauwe
2%
2 BB Beb Bakhuys
2%
3 DS Dick Schoenaker
2%
21 ET Eddy Treijtel
2%
13 GvdM Gejus van der Meulen
2%
21 HL Harry Lubse
2%
3 JG Jan Graafland
2%
4 KvI Kees van Ierssel
2%
19 PD Pim Doesburg
2%
19 PS Pleun Strik
2%
18 SvR Sjef van Run
2%
1 WA Wim Anderiesen
2%
1 WA Wim Anderiesen
2%
11 AS Arend Schoemaker
1%
3 BC Bertus Caldenhove
1%
5 BdH Bertus de Harder
1%
7 DD Daaf Drok
1%
2 DB Dick Been
1%
22 FW Frank Wels
1%
22 FW Frank Wels
1%
8 FH Frans Hogenbirk
1%
10 HP Henk Pellikaan
1%
19 HvS Henk van Spaandonck
1%
13 HP Herdrikus Plenter
1%
14 JvD Jan van Diepenbeek
1%
17 JvN Joop van Nellen
1%
6 KM Kees Mijnders
1%
10 KO Klaas Ooms
1%
4 LH Leo Halle
1%
20 MV Manus Vrauwdeunt
1%
21 MW Mauk Weber
1%
21 MW Mauk Weber
1%
14 PP Piet Punt
1%
12 RP René Pijpers
1%
8 TO Toon Oprinsen
1%
5 WL Wim Lagendaal
1%
Geen overeenkomende quizzen gevonden
Scoreverdeling
Procent van Mensen met Elke Score
Percentiel versus Aantal Correcte Antwoorden
Uw Scoregeschiedenis
U heeft deze quiz nog niet genomen